| 000 | 00876cab a2200241 4500 | ||
|---|---|---|---|
| 001 | WB3043-17 | ||
| 008 | 090401t xxu||||| |||| 00| 0 eng d | ||
| 035 | _a(Sirsi) u4038 | ||
| 041 | _aeng | ||
| 245 | _aDemand for space rising | ||
| 350 | _a0 | ||
| 490 |
_aEstates Times _v(1257) 11 November 194, 5(1) |
||
| 520 | _aNorthern markets face a space shortage amid signs that occupiers want more accommodation according to Weatherall Green and Smith`s "North of England Property Review". | ||
| 650 | _aINDUSTRIAL MARKET | ||
| 650 | _aLEEDS | ||
| 650 | _aMANCHESTER | ||
| 650 | _aNORTH OF ENGLAND | ||
| 650 | _aPROPERTY-COMMERCIAL PROPERTY-OFFICE PROPERTY-OFFICE PROPERTY MARKET | ||
| 650 | _aPROPERTY-COMMERCIAL PROPERTY-RETAIL PROPERTY-RETAIL PROPERTY MARKET | ||
| 690 | _aPROPERTY-COMMERCIAL PROPERTY-COMMERCIAL PROPERTY MARKET | ||
| 942 | _n0 | ||
| 948 | _c04/03/1997 | ||
| 999 |
_c2419 _d2419 |
||